000 00701na a2200253 4500
001 17679
003 MIRAKIL
005 20181213154850.0
008 161101b tu 000 0
020 _a9755121587
040 _aMilas
_btur
_cTR-AnCHP
041 _atur
082 _a338.6046
_bÖ93 1993
090 _a338.6046 Ö93 1993
245 _aÖzelleştirme
_bÖzel İhtisas Komisyonu raporu
_cTOBB
246 _aÖzel İhtisas Komisyonu raporu
260 _aAnkara
_bTOBB
_c1993
300 _a205 s.
_btbl.
_c27 sm.
440 _aTOBB Yayınları Genel
_v273
490 _aBÖM
_v20
650 _aÖzelleştirme
_xTürkiye
657 _aÖzel İhtisas Komisyonu Raporu
942 _2ddc
_cBKS
999 _c2230
_d2230